UFC Dagestan fighters - Statistics

General Stats
  • This quiz has been taken 62 times
    55 since last reset
  • The average score is 4 of 8
Answer Stats
Hint Answer % Correct
29-0 Khabib Nurmagomedov
96%
28-1 Islam Makhachev
94%
19-1 Umar Nurmagomedov
82%
21-2-1 Magomed Ankalaev
61%
18-1 Zabit Magomedsharipov
37%
17-4 Nassourdine Imavov
6%
24-4 Rustam Khabilov
4%
16-1 Sharaputin Magomedov
4%
No matching quizzes found
Score Distribution
Percent of People with Each Score
Percentile by Number Answered
Your Score History
You have not taken this quiz since the last reset